[Event "Schleswig Holstein-ch Seniors op 11th"]
[Site "Buesum"]
[Date "2017.09.12"]
[Round "5"]
[White "Lotzien, Hans"]
[Black "Meyer, Irmin"]
[Result "1/2-1/2"]
[WhiteElo "2126"]
[BlackElo "2000"]
[PlyCount "160"]
[EventDate "2017.09.08"]
[EventType "swiss"]
[EventRounds "9"]
[EventCountry "GER"]
[SourceTitle "EXT 2019"]
[Source "ChessBase"]
[SourceDate "2018.10.10"]
[SourceVersion "1"]
[SourceVersionDate "2018.10.10"]
[SourceQuality "1"]

1. e4 c6 2. d4 d5 3. e5 Bf5 4. Nf3 e6 5. c3 c5 6. Bb5+ Nc6 7. Qa4 Qc7 8. 0-0 Rc8 9. Be3 c4 10. b4 a6 11. Bxc6+ Qxc6 12. Qxc6+ bxc6 13. Nbd2 Ne7 14. a4 Rb8 15. a5 Nc8 16. Rfc1 Be7 17. Nf1 h6 18. Bd2 0-0 19. Ne3 Be4 20. Ne1 Bd8 21. Nd1 Na7 22. Nb2 Be7 23. Na4 Nb5 24. f3 Bg6 25. g3 Rb7 26. Ng2 Ra7 27. Rf1 Nc7 28. Ne3 Ne8 29. f4 Bd3 30. Rf2 g6 31. Nd1 Ng7 32. Ne3 h5 33. Nb2 Be4 34. Re1 Nf5 35. Nexc4 Bc2 36. Ne3 Nxe3 37. Bxe3 Be4 38. Na4 Bd3 39. Rd1 Bf5 40. Nc5 Bxc5 41. dxc5 Rb7 42. Rd4 Rfb8 43. Kg2 Kf8 44. Kf3 Ke7 45. Bd2 Bc2 46. h3 Rh8 47. Rh2 Rbb8 48. Be1 Bb3 49. Rdd2 Bc4 50. g4 Rbg8 51. Bh4+ Ke8 52. Bf6 Rh6 53. g5 Rh7 54. Ke3 Kd7 55. Rd4 Bb5 56. h4 Kc7 57. Rh1 Rb8 58. Rc1 Ba4 59. Kd3 Bb5+ 60. Kc2 Ba4+ 61. Kb2 Bb5 62. Kb3 Be2 63. Re1 Bb5 64. Red1 Rc8 65. R1d2 Rb8 66. c4 Bxc4+ 67. Rxc4 dxc4+ 68. Kxc4 Rhh8 69. Bxh8 Rxh8 70. Rd6 Re8 71. Kd3 Re7 72. Ke4 Re8 73. Kd4 Re7 74. Kc3 Re8 75. Kd4 Re7 76. Kc3 Re8 77. Kd3 Re7 78. Ke3 Re8 79. Kf3 Re7 80. Kg3 Re8 1/2-1/2

[Event "Schleswig Holstein-ch Seniors op 10th"]
[Site "Buesum"]
[Date "2016.09.27"]
[Round "2"]
[White "Van Dongen, Rob"]
[Black "Lotzien, Hans"]
[Result "1/2-1/2"]
[WhiteElo "1893"]
[BlackElo "2166"]
[PlyCount "46"]
[EventDate "2016.09.26"]
[EventType "swiss"]
[EventRounds "9"]
[EventCountry "GER"]
[SourceTitle "EXT 2019"]
[Source "ChessBase"]
[SourceDate "2018.10.10"]
[SourceVersion "1"]
[SourceVersionDate "2018.10.10"]
[SourceQuality "1"]

1. d4 d5 2. c4 c6 3. e3 Nf6 4. cxd5 Nxd5 5. Nc3 Nd7 6. Nxd5 cxd5 7. Bd3 e6 8. Nf3 Bb4+ 9. Bd2 Bxd2+ 10. Qxd2 0-0 11. 0-0 Nf6 12. Rac1 Bd7 13. Ne5 g6 14. Rc2 Rc8 15. Rxc8 Bxc8 16. Rc1 Nd7 17. Nf3 Nb6 18. Qc2 Bd7 19. Ne5 Qe7 20. Qc5 Qd8 21. Qc7 Qxc7 22. Rxc7 Rc8 23. Rxc8+ Bxc8 1/2-1/2

[Event "GER-chT Betriebe 15th"]
[Site "Munich"]
[Date "2015.10.23"]
[Round "6.1"]
[White "Telljohann, Sven"]
[Black "Lotzien, Hans"]
[Result "1/2-1/2"]
[WhiteElo "2404"]
[BlackElo "2153"]
[PlyCount "50"]
[EventDate "2015.10.22"]
[EventType "team-swiss"]
[EventRounds "7"]
[EventCountry "GER"]
[SourceTitle "EXT 2020"]
[Source "ChessBase"]
[SourceDate "2019.10.17"]
[SourceVersion "1"]
[SourceVersionDate "2019.10.17"]
[SourceQuality "1"]
[WhiteTeam "DekaBank DGZ"]
[BlackTeam "Bonn Ernaehrung und Landwirtschaft"]
[WhiteTeamCountry "GER"]
[BlackTeamCountry "GER"]

1. Nf3 d5 2. g3 c6 3. Bg2 Nf6 4. 0-0 Bf5 5. d3 Nbd7 6. c4 e6 7. Be3 dxc4 8. dxc4 Bc5 9. Bxc5 Nxc5 10. Nc3 h6 11. b4 Nce4 12. Qb3 Nxc3 13. Qxc3 0-0 14. Rfd1 Qc7 15. Nd4 Bg6 16. Rd2 e5 17. Nb3 Rad8 18. Rad1 Rxd2 19. Qxd2 Bf5 20. Na5 Be6 21. a3 Re8 22. Qd3 e4 23. Qd6 Qc8 24. e3 Bd7 25. Nb3 Bh3 1/2-1/2

[Event "GER-chA Seniors 26th"]
[Site "Bad Neuenahr"]
[Date "2014.08.05"]
[Round "1"]
[White "Wulf, Adalbert"]
[Black "Lotzien, Hans"]
[Result "0-1"]
[WhiteElo "1949"]
[BlackElo "2146"]
[PlyCount "140"]
[EventDate "2014.08.05"]
[EventType "swiss"]
[EventRounds "9"]
[EventCountry "GER"]
[SourceTitle "EXT 2018"]
[Source "ChessBase"]
[SourceDate "2017.10.13"]
[SourceVersion "1"]
[SourceVersionDate "2017.10.13"]
[SourceQuality "1"]

1. d4 d5 2. Nf3 c6 3. c4 dxc4 4. e4 Bg4 5. Bxc4 e6 6. Be3 Nf6 7. Nbd2 Bb4 8. Qc2 Nbd7 9. 0-0 Nb6 10. Bb3 0-0 11. a3 Be7 12. Rac1 Rc8 13. Ne5 Nbd7 14. Nd3 Be2 15. Rfe1 Bxd3 16. Qxd3 Nc5 17. Qb1 Nxb3 18. Nxb3 Ng4 19. Bf4 Bg5 20. Bxg5 Qxg5 21. h3 Nf6 22. Rc5 Qg6 23. Qc2 Rcd8 24. Qe2 Nd7 25. Rc3 Qf6 26. Rg3 g6 27. e5 Qe7 28. Nd2 c5 29. dxc5 Nxe5 30. b4 Rd5 31. f4 Qh4 32. Re3 Qxf4 33. Rf1 Qd4 34. Nb3 Qc4 35. Rxe5 Qxb3 36. Re3 Qa4 37. Rxe6 Qxa3 38. Re4 Rd7 39. Qc4 a6 40. Rf3 Qa4 41. Rf1 Qc6 42. Qe2 a5 43. Qe3 axb4 44. Rxb4 Rc7 45. Rb6 Qd5 46. Rfb1 Rd8 47. Kh2 Rdd7 48. R1b5 Re7 49. Qf2 Qe5+ 50. Kh1 Red7 51. Qf3 Qe7 52. Rb1 h5 53. c6 bxc6 54. Rxc6 Qe5 55. Rxc7 Rxc7 56. Qf2 f6 57. Re1 Qd6 58. Qe2 Kg7 59. Rd1 Qf4 60. Qf1 Qg3 61. Qe2 Qa3 62. Qd2 Qb3 63. Rc1 Ra7 64. Qc2 Qf7 65. Qc6 Re7 66. Kh2 Qb3 67. Qc3 Qb8+ 68. Kh1 g5 69. Qc6 Qf4 70. Qc4 Re1+ 0-1

[Event "Mittelrhein-chT 1112"]
[Site "Germany"]
[Date "2012.04.15"]
[Round "11.7"]
[White "Lotzien, Hans"]
[Black "Frost, Andreas"]
[Result "0-1"]
[WhiteElo "2006"]
[BlackElo "1904"]
[PlyCount "64"]
[EventDate "2011.09.11"]
[EventType "team-tourn"]
[EventRounds "13"]
[EventCountry "GER"]
[SourceTitle "EXT 2013"]
[Source "ChessBase"]
[SourceDate "2012.11.22"]
[SourceVersion "1"]
[SourceVersionDate "2012.11.22"]
[SourceQuality "1"]
[WhiteTeam "Godesberg II"]
[BlackTeam "Wuerselen"]
[WhiteTeamCountry "GER"]
[BlackTeamCountry "GER"]

1. e4 c5 2. Nc3 Nc6 3. Bc4 g6 4. Nge2 Bg7 5. 0-0 Nf6 6. d3 0-0 7. h3 d6 8. Bf4 a6 9. a4 Rb8 10. Qd2 Nd7 11. Bh6 Nde5 12. Bxg7 Kxg7 13. f4 Nxc4 14. dxc4 f5 15. b3 fxe4 16. Nxe4 b5 17. Ng5 h6 18. Qc3+ Kg8 19. Nf3 Kh7 20. cxb5 axb5 21. axb5 Rxb5 22. Nh4 Rf6 23. f5 g5 24. Qd3 Qb6 25. c4 Rxb3 26. Rab1 Rxd3 27. Rxb6 Ne5 28. Rb8 Ba6 29. Ng6 Nxg6 30. fxg6+ Kxg6 31. Rc1 Rd2 32. Ng3 Rff2 0-1